000 00440nam a22001577a 4500
020 _a81-8423-072-9
082 _a894-812
_bSAT/S
100 _aSANTHAKUMAR, C.G
245 _aSASTHRA LOKATHILE VANITHA PRATHIBHAKAL
_bLADY SCIENTISTS
246 _aSASTHRA LOKATHILE VANITHA PRATHIBHAKAL
_bLADY SCIENTISTS
260 _aTHRISSUR
_bGREEN BOOKS
_c2007
300 _a136
520 _aABOUT SCIENTISTS
650 _aABOUT SCIENTISTS
942 _cBK
999 _c1226
_d1226